000 00580cam a2200169 a 4500
020 _a1555703615 (pbk. : alk. paper)
040 _cDLC
082 0 0 _a025 MOL 2000 C165 Or.
100 1 _aBarclay, Donald A.
245 1 0 _aManaging public-access computers :
_ba how-to-do-it manual for librarians /
260 _aNew York :
_bNeal-Schuman Publishers,
_cc2000.
300 _axv, 223 p. ;
_c28 cm.
490 1 _aHow-to-do-it manuals for librarians ;
650 0 _aPublic access computers in libraries
856 4 0 _uhttps://archive.org/details/managingpublicac00barc
942 _cAEDBB
999 _c19314
_d19314